| 000 | 00340nab a22001097u 4500 | ||
|---|---|---|---|
| 008 | 130520b1994 xxu||||| |||| 00| 0 eng d | ||
| 041 | _aeng | ||
| 100 | 1 |
_aVerstraeten, Johan _947774 |
|
| 245 | 0 | 3 |
_aAn Ethical Agenda for Europe _cJohan Verstraeten |
| 773 | 0 |
_tEthical Perspectives _gV.1, nº1,1994,págs. 3-12 _x1370-0049 _wRev202 |
|
| 942 | _cAR | ||
| 999 |
_c299594 _d299594 |
||